000 00522nam a2200181 a 4500
020 _a0710801424 :
020 _a0710801378 (pbk.)
040 _cMH
082 _a796 DIS 1984 A088 Or.
100 1 _aGhatak, Subrata,
245 1 0 _aAgriculture and economic development /
260 _aBrighton, Sussex :
_bWheatsheaf Books :
_bDistributed by Harvester Press,
_c1984.
300 _axii, 380 p. :
_bill. ;
_c23 cm.
650 0 _aAgriculture
650 0 _aEconomic development.
700 1 _aIngersent, K. A.
942 _cEK
999 _c15164
_d15164